000 00603nam a22002417a 4500
003 UA-OsUOA
001 26444
007 ta
008 20040602b un ||||| |||| 00| 0 ukr d
100 _aКузнецов Б.Г.
090 _a519.2
_bК89
942 _cBK
040 _aUA-OsUOA
_bukr
_cUA-OsUOA
_dUA-OsUOA
245 _aБесіди про теорію відносності
300 _a200 с.
_bІлюстрації
955 _a0
041 _aukr
080 _a519.2
260 _aКиїв
_bРадянська школа
_c1969
044 _aUA
650 7 _2UDC
999 _c312768
_d312768